Matki Boskie Wybierz Prawdziwe - Statystyki

Ogólne statystyki
  • Ten quiz został rozwiązany 22 razy
  • Średni wynik to 8 z 16
Answers on the Grid
Answers color-coded by a green-red scale on the quiz's grid according to % correct below.
Matka Boska Bolesna
Maria z Nazaretu
Matka Boża Gromniczna
Czarna Madonna
Matka Boska Częstochowska
Matka Boska z Gwadelupy
Matka Boska Fatimska
Matka Boska Szkaplerzna
Matka Boska Śnieżna
Matka Boska z Góry Karmel
Matka Boska Ostrobramska
Matka Boska Piekarska
Matka Boska Stambulska
Matka Boża z Akita
Matka Boska Warszawska
Matka Boska Rosyjska
Matka Boska Japońska
Matka Boska Grzeszna
Matka Boża Pompejańska
Matka Boska Krzyżma
Matka Boska Senyszowska
Matka Boska z Rouen
Matka Boża z Lourdes
Matka Boska z Nikozji
 
Statystyki odpowiedzi
Odpowiedź % Poprawnych
Matka Boska Częstochowska
95%
Matka Boska Fatimska
90%
Czarna Madonna
80%
Matka Boska Bolesna
80%
Matka Boża Gromniczna
65%
Matka Boska Ostrobramska
60%
Matka Boska z Gwadelupy
60%
Matka Boża z Lourdes
60%
Maria z Nazaretu
55%
Matka Boska Śnieżna
35%
Matka Boska Szkaplerzna
35%
Matka Boska z Góry Karmel
35%
Matka Boża Pompejańska
35%
Matka Boska Piekarska
20%
Matka Boża z Akita
20%
Matka Boska Japońska
10%
Nie znaleziono quizów pasujących do podanych kryteriów
Rozkład punktacji
Procent ludzi z każdym wynikiem
Percentyl według liczby udzielonych odpowiedzi
Twoja historia wyników
Nie rozwiązałeś tego quizu